| 000 | 01367cam a22002531i 4500 | ||
|---|---|---|---|
| 003 | SA-RiAUC | ||
| 005 | 20260306121348.0 | ||
| 008 | 260302s1994 ku g 00010bara c | ||
| 040 |
_aSA-JeALM _bara _cSA-RiAUC _erda |
||
| 082 | 0 | 4 |
_a239 _qSA-RiAUC |
| 090 |
_a239 _bح ل ب |
||
| 100 |
_aالحلبي، بكري رجب البابي _dتوفي 1399 هـ |
||
| 245 | 0 | 0 |
_aالسيرة النبوية الموجزة أو المولد النبوي بأحاديث الترغيب والترهيب من كلام المصطفى الحبيب صلى الله عليه وسلم _cتأليف الشيخ بكري رجب البابي الحلبي ، اعتنى به الشيخ أسامة بن سعيد بن عمر منسي |
| 264 | 1 |
_a( مكة المكرمة ) : _b،[الناشر غير محدد]، _c2013 |
|
| 300 |
_a130 صفحة ؛ _c16 سم. |
||
| 336 |
_aنص _btxt _2rdacontent _3كتاب |
||
| 337 |
_aبدون وسيط _bn _2rdamedia |
||
| 500 | _aاهداء من محمد صالح سعيد الطف الى الشيخ رحمه الله بتاريخ 25 / 8 / 1435 هـ | ||
| 600 | 0 | 7 |
_aمحمد (صلى الله عليه وسلم)، _d53 قبل الهجرة-11 هجري _2aucnm |
| 650 | 7 |
_aالسيرة النبوية _2aucsh |
|
| 700 |
_aمنسي، أسامة بن سعيد بن عمر _eمحقق. |
||
| 942 |
_2ddc _cBOOK _n0 |
||
| 949 |
_aSA-JeALM _d260302 _uosman123 _n1 |
||
| 999 |
_c14476 _d14476 |
||